| 000 | 00522nam a2200181Ia 4500 | ||
|---|---|---|---|
| 999 |
_c2683 _d2683 |
||
| 003 | OSt | ||
| 005 | 20200814105515.0 | ||
| 008 | 190216s9999||||xx |||||||||||||| ||und|| | ||
| 020 | _a039107574 | ||
| 040 | _coclc | ||
| 082 |
_a543 _bSKO/A |
||
| 100 |
_aSkoog, Douglas A _94125 |
||
| 245 | 0 |
_aAnalytical Chemistry : _bAn Introduction / _cDouglas A Skoog ; Donald M West |
|
| 250 | _a4th Ed. | ||
| 260 |
_bCbs Publishers, _c1985. _aJapan: |
||
| 300 | _a686p | ||
| 942 |
_cBK _2ddc _h543 _iSKO/A _k543 _mSKO/A |
||